Mars on Earth : study of the Qaidam Basin / editor, Long Xiao. (Record no. 22568)

000 -LEADER
fixed length control field 01838nam a22002537a 4500
020 ## - INTERNATIONAL STANDARD BOOK NUMBER
ISBN 9789811224010
082 ## - DEWEY DECIMAL CLASSIFICATION NUMBER
Classification number 559.23
Item number B3756 2023
245 ## - TITLE STATEMENT
Title Mars on Earth : study of the Qaidam Basin / editor, Long Xiao.
250 ## - EDITION STATEMENT
Edition statement Study of the Qaidam Basin
260 ## - PUBLICATION, DISTRIBUTION, ETC. (IMPRINT)
Place of publication Singapore :
Name of publisher World Scientific Publishing Co. Pte. Ltd .,
Year of publication c2020.
300 ## - PHYSICAL DESCRIPTION
Number of Pages 1 online resource axx, 355 pages :
Other physical details illustrations ;
490 ## - SERIES STATEMENT
Series statement Advance in planetary science ; volume 5
500 ## - GENERAL NOTE
General note Includes bibliographical refences and index.
505 ## - FORMATTED CONTENTS NOTE
Formatted contents note Ways to study Mars -- Overview of Mars analog research -- The Qaidam Basin, northeastern Tibetan Plateau -- Lakes and evaporite deposits -- Aeolian landforms and wind processes -- Polygonal terrains -- Valleys and fluvial features -- Gullies and slope processes -- Climate and environmental evolution -- Habitability and astrobiological significance -- Case studies and field investigations -- Index.
520 ## - SUMMARY, ETC.
Summary, etc This book explores the similarities between Mars and Earth by examining the Qaidam Basin as a terrestrial analog for Martian environments. It analyzes geological and geomorphological features such as lakes, wind-shaped landforms, valleys, and gullies to better understand the surface processes and environmental history of Mars. The work highlights how Earth-based field studies contribute to planetary science, particularly in interpreting Martian landscapes and assessing past or potential habitability. It also discusses climate conditions, sedimentary processes, and astrobiological implications relevant to Mars exploration.
650 ## - SUBJECT ADDED ENTRY--TOPICAL TERM
Topical Term Mars (Planet)-Surface
650 ## - SUBJECT ADDED ENTRY--TOPICAL TERM
Topical Term Planetary geology.
650 ## - SUBJECT ADDED ENTRY--TOPICAL TERM
Topical Term Geomorphology.
650 ## - SUBJECT ADDED ENTRY--TOPICAL TERM
Topical Term Earth sciences.
650 ## - SUBJECT ADDED ENTRY--TOPICAL TERM
Topical Term Qaidan Basin (China).
650 ## - SUBJECT ADDED ENTRY--TOPICAL TERM
Topical Term Astrobiology.
700 ## - ADDED ENTRY--PERSONAL NAME
Personal name Xiao, Long, editor.
942 ## - ADDED ENTRY ELEMENTS (KOHA)
Koha item type Electronic Books
Holdings
Source of acquisition Permanent Location Date acquired Collection code Koha item type Lost status Shelving location Withdrawn status Current Location Full call number
DonationCagayan State University - Carig Library2026-04-16E-BooksElectronic Books E-Resource Section Cagayan State University - Carig Library559.23 B3756 2023

Cagayan State University University Library, Carig Campus
Tuguegarao City, Cagayan 3500 | www.csucarig.edu.ph

Powered by Koha